Central Library OPAC University of Rajshahi

Intellectual cooperation / (Record no. 25142)

MARC details
000 -LEADER
fixed length control field 00749nam a2200229 a 4500
001 - CONTROL NUMBER
control field 25142
003 - CONTROL NUMBER IDENTIFIER
rucl marc code BD-RjUL
005 - DATE AND TIME OF LATEST TRANSACTION
control field 20211209050834.0
008 - FIXED-LENGTH DATA ELEMENTS--GENERAL INFORMATION
fixed length control field 131119s1937 sz o000 0 eng d
035 ## - SYSTEM CONTROL NUMBER
System control number (BD-RjUL)25211
040 ## - CATALOGING SOURCE
Original cataloging agency UkOxU
Language of cataloging eng
Description conventions rda
Transcribing agency UkOxU
Modifying agency BD-RjUL
041 ## - LANGUAGE CODE
Language code of text/sound track or separate title eng
082 ## - DEWEY DECIMAL CLASSIFICATION NUMBER
Edition number 23
Classification number 341.22
Author mark and year LEI 1937
110 2# - MAIN ENTRY--CORPORATE NAME
Corporate name or jurisdiction name as entry element League of Nations.
Subordinate unit Secretariat.
-- Information Section,
9 (RLIN) 222721
245 10 - TITLE STATEMENT
Title Intellectual cooperation /
Statement of responsibility, etc. League of Nations. Secretariat. Information Section,
260 ## - PUBLICATION, DISTRIBUTION, ETC. (IMPRINT)
Place of publication, distribution, etc. Geneva:
Name of publisher, distributor, etc. Information section,
Date of publication, distribution, etc. 1937.
300 ## - PHYSICAL DESCRIPTION
Pagination 69 pages ;
Size 18 cm
490 1# - SERIES STATEMENT
Series statement League of Nations questions ;
Volume/sequential designation 6
610 20 - SUBJECT ADDED ENTRY--CORPORATE NAME
Corporate name or jurisdiction name as entry element League of Nations.
830 #0 - SERIES ADDED ENTRY--UNIFORM TITLE
Uniform title League of Nations questions ;
Volume number/sequential designation 6
942 ## - ADDED ENTRY ELEMENTS (KOHA)
Source of classification or shelving scheme Dewey Decimal Classification
Koha item type Rare Books
Holdings
Lost status Source of classification or shelving scheme Damaged status Not for loan Collection code Permanent Location Current Location Shelving location Date acquired Source of acquisition Cost, normal purchase price Total Checkouts Full call number Date last seen Copy number Koha item type
  Dewey Decimal Classification   Not For Loan Rare Books Central Library, University of Rajshahi Central Library, University of Rajshahi Rare Book Section 16/02/1962 A. I. Qureshi, Karachi 3.82   RA 341.22 LEI 1937 18/09/2018 C-1 Rare Books